000 00634cam a22002293a 4500
001 20950
003 PGUSA
005 20140828083439.0
008 070331s2007||||xxu|||||s|||||000 | eng d
040 _aPGUSA
_beng
042 _adc
050 4 _aPQ
100 1 _aOhnet, Georges,
_d1848-1918
245 1 0 _aLa Grande Marnière
_h[electronic resource] /
_cGeorges Ohnet
260 _bProject Gutenberg,
_c2007
506 _aPublic domain in the USA.
516 _aElectronic text
653 _aMystery and detective stories
830 0 _aProject Gutenberg
_v20950
856 4 0 _uhttp://www.gutenberg.org/ebooks/20950
942 _cEB
999 _c250205
_d250205